| 000 | 01045nam a22001697a 4500 | ||
|---|---|---|---|
| 999 |
_c59460 _d59460 |
||
| 003 | Ge_BSU | ||
| 005 | 20230224110252.0 | ||
| 008 | 230224s1999 ge ||||| |||| 00| 0 geo d | ||
| 041 | _ageo | ||
| 080 | _a342.4 ს-19 | ||
| 245 |
_aსაკონსტიტუციო სამართალწარმოების კანონმდებლობა და პრაქტიკა : _bსამართლებრივი ოლიმპიადის "ადამიანი და კონსტიტუცია" სახელმძღვ. მასალა / _c საქ. ახალგ. იურისტთა ასოციაცია ; [სარედ. კოლ.: ირინა მილორავა და სხვ.]. |
||
| 264 |
_aთბილისი, _c1999. |
||
| 300 |
_a320 გვ. ; _b20 სმ. |
||
| 653 | _aსაკონსტიტუციო სამართალი | ||
| 700 |
_aმილორავა, ირინა _eრედაქტორი _917023 |
||
| 942 |
_2udc _cBK |
||